000 02153nam a2200565 i 4500
001 37083
003 KOSZ 005
005 20220607085236.0
008 990209s1998 pl |000 1 pol
015 _aUWD 1999/17924
020 _a8385605444
035 _a991011228789705066
035 _a(PL-WaBN)b1305871x-48omnis_nlop
035 _ab1305871x
035 _a(OCoLC)830262195
035 _azz2003987782
035 _a(PL)b0000001305871
035 _a(EXLNZ-48OMNIS_NETWORK)9910466647805606
040 _aKR U
_dWA N
_dKOSZ 005/HR
_cKR U
041 0 _apol
045 _bd1866
_bd1872
046 _k1998
080 _a821.162.1(091)"18"
080 _a821.162.1(091)-92"18"
080 _a070(091)"18"
245 0 0 _aStara i młoda prasa :
_bprzyczynek do historii literatury ojczystej 1866-1872 : kartki ze wspomnień Eksdziennikarza /
_cprzygot. do druku i posłowiem opatrzyła Dobrosława Świerczyńska ; Instytut Badań Literackich Polskiej Akademii Nauk.
260 _aWarszawa :
_bIBL Wydawnicctwo,
_c1998.
300 _a208, [4] s. ;
_c24 cm.
336 _aTekst
_btxt
_2rdacontent
337 _aBez urządzenia pośredniczącego
_bn
_2rdamedia
338 _aWolumin
_bnc
_2rdacarrier
380 _aKsiążki
388 _a1901-2000
388 _a1989-2000
500 _aU góry s. tyt. jako aut. domniemani :[Walery Przyborowski?] [Julian Kaliszewski?].
504 _aBibliogr. s. 205-206.
648 7 _a1801-1900
_2DBN
655 7 _aLiteratura polska
_2DBN
655 7 _aCzasopismo polskie
655 7 _aPublicystyka polska
_2DBN
658 _aHistoria
700 1 _aKaliszewski, Julian
_d(1845-1909)
_eAutor domniemany
700 1 _aPrzyborowski, Walery
_d(1845-1913)
_eAutor domniemany
700 1 _aŚwierczyńska, Dobrosława
_d(1937- )
_eOpracowanie
710 2 _aInstytut Badań Literackich (Polska Akademia Nauk)
710 2 _aWydawnictwo IBL
_4pbl
856 _uhttp://koha.tu.koszalin.pl/cgi-bin/koha/opac-detail.pl?biblionumber=37083
_yKatalog online BPK
942 _2UKD
_cKS
999 _c37083
_d37083